| 000 | 01559nam a2200373 c 4500 | ||
|---|---|---|---|
| 003 | BLK | ||
| 005 | 20180422111443.0 | ||
| 008 | 180409b bul|||||r ||||||| ||bul|| | ||
| 010 | _aKNG00135734000 | ||
| 040 | _aBLK | ||
| 041 |
_aFRE _cFRE |
||
| 080 |
_aБългарска литература _b821.163.2 _x-93-1 _z821.163.2-93-1 |
||
| 100 | 1 |
_aBosev, Asen Ivanov _eпърви автор _95785 |
|
| 700 | 1 |
_aDzivgov, Georges Asen _etrad. _9321953 |
|
| 700 | 1 |
_aDimovski, Boris _eill. _9321718 |
|
| 700 | 1 |
_aБосев, Асен Иванов _e* _9363513 |
|
| 700 | 1 |
_aДзивгов, Георги-Асен _e* _9321954 |
|
| 700 | 1 |
_aДимовски, Борис Илиев _e* _9363792 |
|
| 139 |
_aBosev, Asen Ivanov _bB 79 |
||
| 245 | 1 | 0 |
_aHistoires surprenantes et contes captivants _cAsen Ivanov Bosev; trad. Georges Asen Dzivgov; ill. Boris Dimovski; * Асен Иванов Босев; * Георги-Асен Дзивгов; * Борис Илиев Димовски. |
| 257 | _aBGR | ||
| 260 |
_аSofia _bSofia-Presse _c1972 _fСофия : Д. Благоев |
||
| 300 |
_a80 с. _bс ил., 1 л. портр. _c23 см |
||
| 380 | _aDX | ||
| 500 | _aОриг. загл. Истории славни и случки забавни. - 5 100 тир. | ||
| 653 | _aстихотворения за деца | ||
| 653 | _aлитература за деца | ||
| 653 | _aдетска литература | ||
| 852 | _aЦб 256764 | ||
| 856 | 4 |
_qpdf _u |
|
| 856 | 4 |
_qpdf _u |
|
| 942 |
_cKNG _n0 |
||
| 944 |
_aCR _c31.10.2012 _lф / 31.10.2012 _kЕлица_Владова |
||
| 944 |
_aED _c31.10.2012 _lф / 31.10.2012 _k |
||
| 999 |
_c129989 _d129989 |
||